Influence of application systems of K₂SO₄ and foliar application of micronutrient mixtures on cassava grown in sandy soil (Record no. 61011)
[ view plain ]
| 000 -LEADER | |
|---|---|
| fixed length control field | 02056cab a2200289Ia 45 0 |
| 001 - CONTROL NUMBER | |
| control field | u212235 |
| 003 - CONTROL NUMBER IDENTIFIER | |
| control field | SIRSI |
| 008 - FIXED-LENGTH DATA ELEMENTS--GENERAL INFORMATION | |
| fixed length control field | 110809s2009 ua ss b eng d |
| 040 ## - CATALOGING SOURCE | |
| Original cataloging agency | EAL |
| 041 ## - LANGUAGE CODE | |
| Language code of text/sound track or separate title | eng |
| Language code of summary or abstract | ara |
| 090 ## - LOCALLY ASSIGNED LC-TYPE CALL NUMBER (OCLC); LOCAL CALL NUMBER (RLIN) | |
| Classification number (OCLC) (R) ; Classification number, CALL (RLIN) (NR) | ART ASEJ V35 No4 9 |
| 100 1# - MAIN ENTRY--PERSONAL NAME | |
| Personal name | Ali, R. A. M. |
| 240 10 - UNIFORM TITLE | |
| Uniform title | Alexandria science exchange journal, 2014 v. 35 (4) |
| Medium | [electronic resource]: |
| -- | an international quarterly journal of science agricultural environments. |
| 245 10 - TITLE STATEMENT | |
| Title | Influence of application systems of K₂SO₄ and foliar application of micronutrient mixtures on cassava grown in sandy soil |
| Medium | [electronic resource]. |
| 246 15 - VARYING FORM OF TITLE | |
| Title proper/short title | تأثير نظم إضافة كبريتات البوتاسيوم والرش الورقي بتركيزات مختلفة من العناصر .الصغري على الكاسفا تحت ظروف الاراضي الرملية |
| 300 ## - PHYSICAL DESCRIPTION | |
| Extent | P.314-324 |
| 504 ## - BIBLIOGRAPHY, ETC. NOTE | |
| Bibliography, etc. note | Includes references. |
| 520 ## - SUMMARY, ETC. | |
| Summary, etc. | The effect of the application systems of K₂SO₄ and foliar application of micronutrient mixtures levels on growth, yield and quality of cassava (Indonesian, cv) was studied at Experimental Farm of South Tahrir Horticulture Research Station, at Ali Mubarak Village, EL-Bostan region, Behera, Egypt during 2012/2013 and 2013/1014 seasons. The experimental design used was the split plot system in randomized complete block design with 3 replications. Cassava plant that receiving five equal doses of K₂SO₄ gave the highest values of plant height, number of leaves and number of branches plant-1, root weight, root length, root diameter, total yield plant-1 and total yield fad- 1, as well as tuberous root dry matter, root starch, and total sugar of root. |
| 546 ## - LANGUAGE NOTE | |
| Language note | Summary in Arabic. |
| 596 ## - | |
| -- | 1 |
| 650 #0 - SUBJECT ADDED ENTRY--TOPICAL TERM | |
| Topical term or geographic name entry element | Cassava |
| General subdivision | Fertilizers. |
| 650 #0 - SUBJECT ADDED ENTRY--TOPICAL TERM | |
| Topical term or geographic name entry element | Potassium fertilizers |
| 650 #0 - SUBJECT ADDED ENTRY--TOPICAL TERM | |
| Topical term or geographic name entry element | Microorganisms in plant nutrition. |
| 700 1# - ADDED ENTRY--PERSONAL NAME | |
| Personal name | Abd-Elkader,D.Y |
| 773 0# - HOST ITEM ENTRY | |
| Title | Alexandria Science Exchange Journal. |
| Related parts | 2014.v.35(4) |
| International Standard Serial Number | 1110-0176 |
| Control subfield | nnas |
| Record control number | u193445 |
| 856 40 - ELECTRONIC LOCATION AND ACCESS | |
| Uniform Resource Identifier | <a href="http://nile.enal.sci.eg/EALE/2014/ASEJ/3514/4/314.pdf">http://nile.enal.sci.eg/EALE/2014/ASEJ/3514/4/314.pdf</a> |
| Public note | Full Text Article |
| 942 ## - ADDED ENTRY ELEMENTS (KOHA) | |
| Koha item type | Articles |
| Source of classification or shelving scheme | Library of Congress Classification |
No items available.